000 00571nam a2200193Ia 4500
005 20250508160635.0
008 008 250505s9999 xx 000 0 eng d
037 _aTextual
040 _aFEDL
_beng
_cFEDL
041 _aeng
_2eng
084 _a373, DUM
_qFEDL
100 _aDumas Wayne
_9768992
245 0 _aIntroduction to secondary education : A foundations approach
260 _aScrahton
_bInternational Textbook Company
_c1968
300 _axi,404p
700 _a Beckner Weldon
_9768993
942 _cTEXL
_h373, DUM
999 _c1365777
_d1365777